00753nam a2200205 a 45000010005000000030010000050050017000150080041000320200018000730400025000910800018001161000022001342450156001562600065003123000033003775040025004106500026004356500035004617000051004961497BR-CuiBMT20231212191934.0231212s2014 peba 000 0 por d a9788589019101 aBR-CuiBMTcBR-CuiBMT 22007a351.8531 aFrança, Eduardo10aAuditoria cultural : bintervenções em bens culturais afetados por proteção legal /cEduardo França ; José Odilo de Caldas Brandão Filho. aRecife :bTribunal de Contas do Estado do Pernambuco,c2014. a88 p. :bil. color. ;c25 cm aInclui bibliografia. aPatrimônio cultural aTribunal de ContaszPernambuco1 aBrandão Filho, José Odilo de Caldasd1965-